Estudio económico de América Latina y el Caribe (Registro nro. 3852)

Detalles MARC
000 -LEADER
fixed length control field 01422 a2200217 4500
001 - CONTROL NUMBER
control field 44911
005 - DATE AND TIME OF LATEST TRANSACTION
control field 20260407155724.0
008 - FIXED-LENGTH DATA ELEMENTS--GENERAL INFORMATION
fixed length control field 260407a2013 arg spa d
003 - CONTROL NUMBER IDENTIFIER
control field AR-UNSa-BCEJYS
040 ## - CATALOGING SOURCE
Original cataloging agency AR-UNSa-BCEJYS
Language of cataloging spa
Transcribing agency AR-UNSa-BCEJYS
080 ## - UNIVERSAL DECIMAL CLASSIFICATION NUMBER
Universal Decimal Classification number 339.9
Common auxiliary subdivision Economía internacional en general. Relaciones económicas internacionales. Economía mundial
041 ## - LANGUAGE CODE
Language code of text/sound track or separate title spa
100 1# - MAIN ENTRY--PERSONAL NAME
Personal name Naciones Unidas. Comisión Económica para América Latina y el Caribe (CEPAL)
245 10 - TITLE STATEMENT
Title Estudio económico de América Latina y el Caribe
264 #1 - PRODUCTION, PUBLICATION, DISTRIBUTION, MANUFACTURE, AND COPYRIGHT NOTICE
Place of production, publication, distribution, manufacture Santiago de Chile :
Name of producer, publisher, distributor, manufacturer CEPAL (Comisión Económica para América Latina y el Caribe)
Date of production, publication, distribution, manufacture, or copyright notice 2013
300 ## - PHYSICAL DESCRIPTION
Extent 213 p.
Dimensions 28 cm.
505 ## - FORMATTED CONTENTS NOTE
Formatted contents note Parte I: Situación económica de América Latina y el Caribe en 2013 – 1. Panorama regional – Parte II: Tres décadas de crecimiento desigual e inestable – 1. El crecimiento en América Latina y el Caribe entre 1980 y 2012: hechos estilizados – 2. La evolución del ingreso y de la demanda agregada en las últimas tres décadas – 3. La evolución de la productividad laboral y el cambio estructural a lo largo de tres décadas – 4. El fortalecimiento y los desafíos de las políticas macroeconómicas para impulsar el crecimiento con igualdad
590 ## - LOCAL NOTE (RLIN)
Local note niveau_biblio:m niveau_hierar:0
856 41 - ELECTRONIC LOCATION AND ACCESS
Uniform Resource Identifier <a href="https://www.biblioeco.unsa.edu.ar/pmb/images/libros/L127036.jpg">https://www.biblioeco.unsa.edu.ar/pmb/images/libros/L127036.jpg</a>
Link text Imagen de portada
Electronic format type image/jpeg
942 ## - ADDED ENTRY ELEMENTS (KOHA)
Koha item type
Existencias
Withdrawn status Lost status Damaged status Not for loan Home library Current library Shelving location Date acquired Total checkouts Full call number Barcode Date last seen Price effective from Koha item type
        Biblioteca Prof. Eusebio Cleto del Rey Biblioteca Prof. Eusebio Cleto del Rey   07/04/2026   339.9 N118 L127036 07/04/2026 07/04/2026 Libro